Normal view
MARC view
Entry Personal Name
001 - CONTROL NUMBER
- control field: 50604
003 - CONTROL NUMBER IDENTIFIER
- control field: OSt
005 - DATE AND TIME OF LATEST TRANSACTION
- control field: 20250211110629.0
008 - FIXED-LENGTH DATA ELEMENTS
- fixed length control field: 250211|| aca||aabn | a|a d
040 ## - CATALOGING SOURCE
- Original cataloging agency: OSt
- Transcribing agency: OSt
100 ## - HEADING--PERSONAL NAME
- Personal name: Maccarini, Andrea M.
670 ## - SOURCE DATA FOUND
- Source citation: Work cat.: (OSt): Maccarini, Andrea M. , Barbarism and modernity in S.N. Eisenstadt’s theory: Towards a cultural sociology of radicalism
